000 00302nam a22001337a 4500
008 181019b xxu||||| |||| 00| 0 eng d
020 _a9780805838367
041 _aeng
080 _a159.9
100 _a48
101 _aPSI
245 _aStatistics for Psychologists
_cEveritt,B.S
942 _2udc
_cBK
999 _c50198
_d50198